00677na a2200157 450000100060000000300080000600500170001400800410003104000250007204100080009724502170010526000910032230000110041350000350042470000600045923207MIRAKIL20181213154956.0170807b tu 000 0  aMilasbturcTR-AnCHP atur aKürdistan ulusal kurtuluşçuları iddianame ve kovuşturmaya yer olmadığı kararıbDiyarbakır-Mardin- Siirt gruplarıcSıkıyönetim Komutanlığı Askeri Savcılığı; hazırlayan Halit Karabulut aDiyarbakırbSıkıyönetim Komutanlığı Askeri Savcılığı Diyarbakırc[1980] a239 s. aGEÇİCİ KATALOG KAYDIDIR. aKarabulut, HalitcHv. Hakim Kd. Yzb. Yrd. Askeri Savcı